000 00502nam a2200193Ia 4500
005 20250326145421.0
008 250326s9999 xx 000 0 und d
037 _aTextbook
040 _aFMSL
_beng
_cFMSL
041 _aeng
_2eng
084 _qFMSL
100 _aMabey C
_9743964
245 0 _aDeveloping leadership
_cMabey C; Mayrhofer W
260 _aNew Delhi
_bNew Delhi, Sage
_c2015
365 _b3182.0500000000002
650 _aManagement
942 _cTB
999 _c1307505
_d1307505